Regional Community Forestry Training Center

In March 1987, RECOFTC was established in response to the need for a regional institution focused on community forestry training, research, and information exchange. RECOFTC's original objective was to organize and provide training support for community forestry throughout the Asia-Pacific regi...

全面介绍

Đã lưu trong:
书目详细资料
企业作者: Regional Community Forestry Training Center (RECOFIC)
格式: 图书
语言:Undetermined
出版: Bangkok, Thailand Regional community forestry training center
主题:
标签: 添加标签
没有标签, 成为第一个标记此记录!
Thư viện lưu trữ: Trung tâm Học liệu Trường Đại học Cần Thơ
LEADER 01438nam a2200181Ia 4500
001 CTU_143608
008 210402s9999 xx 000 0 und d
082 |a 634.9095 
082 |b R336 
110 |a Regional Community Forestry Training Center (RECOFIC) 
245 0 |a Regional Community Forestry Training Center 
260 |a Bangkok, Thailand 
260 |b Regional community forestry training center 
520 |a In March 1987, RECOFTC was established in response to the need for a regional institution focused on community forestry training, research, and information exchange. RECOFTC's original objective was to organize and provide training support for community forestry throughout the Asia-Pacific region. It undertook and facilitated training courses, workshops, seminars, research, technical assistance, information exchange, and linkages with appropriate institutions and individuals. It was the Asian network facilitator for the Forest, Trees and People Program (FTPP) of FAO. RECOFTC's program expanded to include the Thailand Outreach Program, funded by the Ford Foundation. In addition, the Regional Outreach Program initiated activities in China and Vietnam. 
650 |a Forest management,Forest management,Quản lý rừng,Quản lý rừng 
650 |z Asia,Pacific Area,Châu Á,Châu Á Thái Bình Dương 
904 |i Trọng Hiếu 
980 |a Trung tâm Học liệu Trường Đại học Cần Thơ